000 00397nam a22001697a 4500
005 20160629154020.0
008 160629b xxu||||| |||| 00| 0 eng d
020 _a81-88458-08-2
041 _aeng
082 _b12562
100 _aUpadhyay,A.K
_93142
245 _aSoil & Foundation Engineering
260 _bKatson
_c2012
300 _a292
650 _aDiploma Engineering
_9817
942 _cBK
999 _c4734
_d4732